| 000 | 00953 a2200229 4500 | ||
|---|---|---|---|
| 001 | 41989 | ||
| 005 | 20260407155710.0 | ||
| 008 | 260407a1969 arg spa d | ||
| 003 | AR-UNSa-BCEJYS | ||
| 040 |
_aAR-UNSa-BCEJYS _bspa _cAR-UNSa-BCEJYS |
||
| 080 |
_a330 _xEconomía en general |
||
| 245 | 1 | 0 |
_aIntroducción a la economía _pun enfoque estructuralista |
| 264 | 1 |
_aMéxico : _bSiglo Veintiuno editores _c1969 |
|
| 300 |
_a164 p. _c20 cm. |
||
| 505 | _a1. El sistema económico - 2. El sistema económico - 3. La circulación en el sistema económico - 4. Relaciones con el exterior - 5. El sector público - 6. El sistema monetario-financiero - 7. La unidad productora en el sistema económico - 8. El reparto del producto en el sistema económico | ||
| 041 | _aspa | ||
| 942 | _cBK | ||
| 590 | _aniveau_biblio:m niveau_hierar:0 | ||
| 100 | 1 | _aBarros de Castro, Antonio | |
| 700 | 1 | _aLessa, Carlos Francisco | |
| 700 | 1 | _aColombani, Claudio | |
| 999 |
_c3554 _d3554 |
||